000 00860cab a2200289 4500
001 WB3319-05
008 090401t1997 xxu||||| |||| 00| 0 eng d
035 _a(Sirsi) u78301
041 _aeng
245 _aImprovements to blighted Cornish homes
260 _c1997
350 _a0
490 _aProperty Week
_v59(6) 9 May 1997, 12(1)
520 _aThe BRE and RICS have devised tests that classify the extent of mundic blight to homes in south Devon and Cornwall, resulting in 80% restored to mortgagable status.
650 _aBLIGHT
650 _aBRE
650 _aBUILDING DEFECTS
650 _aBUILT ENVIRONMENT-BUILDING MATERIALS
650 _aCORNWALL
650 _aDEVON
650 _aHOUSING MARKET
650 _aMUNDIC
650 _aRICS
690 _aBUILT ENVIRONMENT-BUILDING PATHOLOGY
942 _n0
948 _c13/05/1997
999 _c49274
_d49274